Aspekte der marx - Rezeption in japan : Spätkapitalisierung und ihre sozioökonomischen Folgen, dargestellt am Beispiel der japanischen Gesellschaft
Guardado en:
| Autor principal: | |
|---|---|
| Formato: | Libro |
| Lenguaje: | Undetermined |
| Publicado: |
Bochum
Studienverlag Brockmeyer
1981
|
| Materias: | |
| Etiquetas: |
Agregar Etiqueta
Sin Etiquetas, Sea el primero en etiquetar este registro!
|
| Thư viện lưu trữ: | Trung tâm Học liệu Trường Đại học Cần Thơ |
|---|
| LEADER | 00655nam a2200205Ia 4500 | ||
|---|---|---|---|
| 001 | CTU_78936 | ||
| 008 | 210402s9999 xx 000 0 und d | ||
| 082 | |a 330.9 | ||
| 082 | |b F949 | ||
| 100 | |a Hiroomi, Fukuzawa | ||
| 245 | 0 | |a Aspekte der marx - Rezeption in japan : | |
| 245 | 0 | |b Spätkapitalisierung und ihre sozioökonomischen Folgen, dargestellt am Beispiel der japanischen Gesellschaft | |
| 245 | 0 | |c Hiroomi Fukuzawa | |
| 260 | |a Bochum | ||
| 260 | |b Studienverlag Brockmeyer | ||
| 260 | |c 1981 | ||
| 650 | |a Capitalism,Economic conditions | ||
| 650 | |z Japan | ||
| 904 | |i M.Loan | ||
| 980 | |a Trung tâm Học liệu Trường Đại học Cần Thơ | ||